01340nab a2200349 a 450000100060000000300080000600500170001400600190003100700150005000800410006502200140010603500210012004000260014105000180016708000070018508200120019210000240020422200500022824501580027826000690043630000140050531000140051936200250053353301640055865000270072265000250074965000570077465000460083165500320087771000190090985600620092832858FlNmELB20241216220757.0m o d | cr cn|||||||||201201r1996 mx |||||s|||||||||||spa d a1405-6666 a(OCoLC)955373801 aFlNmELBbspacFlNmELB 4aLB5bZ64 1996 a3704a3702221 aZibas, Dagmar M. L. 0aRevista Mexicana de Investigación Educativa10aEscuela pública y escuela privada en el marco de las nuevas políticas educacionales en América Latinah[recurso electronico] /cDagmar M. L. Zibas. aMéxico :bCentro Mexicano de Investigación Educativa,c1996. a10-19 pp. aSemestral0 aVol. 1, No. 1(1996)- aRecurso electrónico. Santa Fe, Arg.: e-libro, 2015. Disponible vía World Wide Web. El acceso puede estar limitado para las bibliotecas afiliadas a e-libro. 4aEducación.xGeneral. 4aEducation.xGeneral. 4aArtes y disciplinas del lenguaje.xAlfabetización. 4aLanguage Arts and Disciplines.xLiteracy. 4aArtículos electrónicos.2 ae-libro, Corp.40uhttps://elibro.net/ereader/politecnicointernacional/93339